000 00850nam a2200277Ia 4500
003 OSt
005 20221006155812.0
006 a|||||r|||| 00| 0
007 ta
008 221006b |||||||| |||| 00| 0 eng d
020 _a9780415559324
_c£17.99
024 _a43,533
037 _b168/2012-13, 15/03/2013, Pioneer Book Distributor
_cTextual
040 _aEASL
_cEASL
_beng
041 _2eng
_aeng
082 _aX0aY, Q3
100 _aColeman William D.
245 0 _aFifty key thinkers on globalization
260 _aLondon
_bRoutledge
_c2013
300 _a266p.
_ccm.
650 _a Gen
650 _aGlobalization - Social aspects
_9670445
700 _a Sajed Alina
942 _hX0aY, Q3
_cTEXL
_2CC
999 _c1111619
_d1111619